[Event "10th Lichtenberger Sommer"]
[Site "Berlin GER"]
[Date "2011.08.16"]
[Round "4.107"]
[White "Bauer,S"]
[Black "Pilgrim,W"]
[Result "1/2-1/2"]
[WhiteElo "1684"]
[BlackElo "1463"]

1.Nf3 d5 2.c4 d4 3.b3 Nc6 4.d3 e5 5.e4 Bb4+ 6.Bd2 Bg4 7.Be2 Be7 8.a3 Bxf3
9.Bxf3 Nf6 10.b4 O-O 11.O-O Nd7 12.Be2 Bg5 13.f4 exf4 14.Bxf4 Bxf4 15.Rxf4 Qg5
16.Qf1 Nce5 17.Qf2 Nf6 18.h4 Qh6 19.g4 Qg6 20.g5 Nh5 21.Rf5 h6 22.Nd2 f6
23.Rf1 Rf7 24.Kh2 hxg5 25.Rg1 Nf4 26.Rxe5 fxe5 27.Rxg5 Nxd3 28.Qg3 Qh6 29.Bxd3 Rf4
30.Kh3 Raf8 31.c5 Rf2 32.Bc4+ Kh8 33.Qxe5 Rxd2 34.Kg3 Rff2 35.Rh5 Rg2+  1/2-1/2

[Event "10th Lichtenberger Sommer"]
[Site "Berlin GER"]
[Date "2011.08.16"]
[Round "4.59"]
[White "Rausch,E"]
[Black "Baranowsky,P"]
[Result "0-1"]
[WhiteElo "1821"]
[BlackElo "1989"]

1.Nf3 d5 2.c4 e6 3.g3 Nf6 4.Bg2 g6 5.O-O Bg7 6.d4 O-O 7.Qc2 Nbd7 8.Bf4 dxc4
9.Qxc4 Nd5 10.Bd2 c5 11.e3 cxd4 12.Nxd4 N7b6 13.Qb3 e5 14.e4 Nf6 15.Ne2 Be6
16.Qd1 Nc4 17.Bc3 Qc7 18.Qe1 Nd7 19.b3 Ncb6 20.Na3 a6 21.Rc1 Bh6 22.Rc2 Qb8
23.f4 f5 24.Bd2 fxe4 25.Bxe4 Nd5 26.Qc1 Qa7+ 27.Kh1 exf4 28.Nxf4 Bxf4 29.gxf4 N7f6
30.Bg2 b5 31.Rc5 Rac8 32.Re1 Rxc5  0-1

[Event "26th Universiade Men"]
[Site "Shenzhen CHN"]
[Date "2011.08.16"]
[Round "4"]
[White "Olszewski,Mi"]
[Black "Akkozov,B"]
[Result "1-0"]
[WhiteElo "2541"]
[BlackElo "2347"]

1.Nf3 d5 2.c4 c6 3.e3 Nf6 4.Nc3 a6 5.b3 Bg4 6.Be2 e6 7.Bb2 Bd6 8.h3 Bh5 9.d3 Nbd7
10.g4 Bg6 11.g5 Ng8 12.Nxd5 e5 13.Nc3 h6 14.Rg1 hxg5 15.Nxg5 Nf8 16.Qc2 f6
17.Ne6 Nxe6 18.Rxg6 Ne7 19.Rg1 Ng5 20.O-O-O c5 21.d4 exd4 22.exd4 cxd4 23.Rxd4 Ne6
24.Rdd1 Qb6 25.Kb1 Be5 26.Nd5 Nxd5 27.cxd5  1-0

[Event "10th Lichtenberger Sommer"]
[Site "Berlin GER"]
[Date "2011.08.17"]
[Round "5.3"]
[White "Wendt,J"]
[Black "Reichenbach,W"]
[Result "1/2-1/2"]
[WhiteElo "2360"]
[BlackElo "2313"]

1.Nf3 d5 2.c4 c6 3.g3 Nf6 4.Bg2 Bf5 5.cxd5 cxd5 6.Qb3 Qb6 7.Nc3 e6 8.O-O Be7
9.d3 Nbd7 10.Be3 Qxb3 11.axb3 a6 12.Bf4 O-O 13.Rfd1 Bg6 14.Ne5 Nxe5 15.Bxe5 Nd7
16.Bd4 Nc5 17.Bxc5 Bxc5 18.d4 Bb4  1/2-1/2

[Event "86th ch-FRA"]
[Site "Caen FRA"]
[Date "2011.08.17"]
[Round "4"]
[White "Bricard,E"]
[Black "Bauer,Ch"]
[Result "1-0"]
[WhiteElo "2502"]
[BlackElo "2637"]

1.Nf3 d5 2.c4 d4 3.g3 g6 4.b4 Bg7 5.d3 e5 6.Bg2 Ne7 7.O-O O-O 8.a4 a5 9.b5 c5
10.Ra2 Ra7 11.e4 dxe3 12.Bxe3 b6 13.Nc3 Bf5 14.Rd2 h6 15.Re1 Nd7 16.Rc2 Be6
17.Bc1 Re8 18.Rce2 f6 19.Ne4 Nc8 20.Qc2 Bf7 21.Nfd2 Nf8 22.Nb3 Ne6 23.Nc3 Ne7
24.Nd5 Rd7 25.Nxe7+ Rexe7 26.Re3 h5 27.h4 Bh6 28.Rf3 Bxc1 29.Rxc1 Kg7 30.Re1 Nd4
31.Nxd4 Rxd4 32.Rfe3 Red7 33.Be4 R7d6 34.Qe2 Qd7 35.Bc6 Qg4 36.Bf3 Qd7 37.Bc6 Qg4
38.Bf3 Qc8 39.Bc6 Qd8 40.Be4 Be6 41.f4 exf4 42.gxf4 Bg4 43.Qf2 Kh6 44.Bd5 R6xd5
45.cxd5 Qxd5 46.Qg2 Qxg2+ 47.Kxg2 Rxf4 48.Re4 Rf5 49.Re6 Rf4 50.Rxb6 Bf5
51.Rb8 Rxh4 52.b6 Rb4 53.b7 Kg5 54.Re7 Bxd3 55.Rbe8 Be4+ 56.Rxe4 Rxb7 57.Rc4 Rb2+
58.Kf3 f5 59.Rxc5 Ra2 60.Rxa5 h4 61.Ra6 Ra3+ 62.Re3 Ra1 63.Ree6 Ra3+ 64.Ke2  1-0

[Event "27th Faaker See Open"]
[Site "Latschach AUT"]
[Date "2011.08.17"]
[Round "6"]
[White "Mladenov,P"]
[Black "Seisenberger,Georg"]
[Result "1/2-1/2"]
[WhiteElo "2391"]
[BlackElo "2055"]

1.Nf3 d5 2.c4 c6 3.e3 Nf6 4.Nc3 g6 5.d4 Bg7 6.b3 O-O 7.Bb2 Bf5 8.Nh4 Bg4
9.Qc2 Na6 10.h3 Be6 11.c5 Bc8 12.Nf3 b6 13.cxb6 axb6 14.Be2 Bf5 15.Qd1 Ne4
16.O-O Nb4 17.Nh4 Nxc3 18.Bxc3 Nxa2 19.Bd2 c5 20.Nxf5 gxf5 21.Qb1 Nb4 22.Qxf5 e6
23.Qg4 f5 24.Qg3 Qe7 25.Bb5 Kh8 26.Rac1 Rfc8 27.Bxb4 cxb4 28.Bc6 Ra7 29.Bxd5 Rxc1
30.Rxc1 exd5 31.Qb8+ Bf8 32.Qxb6 Rb7 33.Qc6 Qd7 34.Qf6+ Bg7 35.Qg5 Rb8 36.Qf4 Rc8
37.Rxc8+ Qxc8 38.Qd6 h6 39.g3 Qc1+ 40.Kg2 Qc2 41.Qxd5 Qd3 42.Qe6 Qc2 43.g4 fxg4
44.hxg4 Qd1 45.Qc8+ Kh7 46.Qf5+ Kh8 47.Qe6 Kh7 48.Kg3 Qg1+ 49.Kf3 Qd1+ 50.Kf4 Qg1
51.Kf3 Qd1+ 52.Kg2 Kh8 53.f3 Kh7 54.Kf2 Kh8 55.Qc4 Qd2+ 56.Qe2 Qc3 57.Qd1 Qb2+
58.Kg3 Qc3 59.Kf2 Qb2+ 60.Kf1 Bf6 61.d5 Qh2 62.Qe1 Bh4 63.Qa1+ Kh7 64.Qa7+ Kh8
65.Qa8+ Kh7 66.Qb7+ Kh8 67.Qc8+ Kh7 68.Qd7+ Kh8 69.Qe8+ Kh7 70.Qf7+ Kh8 71.Qf8+ Kh7
72.Qf5+ Kh8 73.Qc8+ Kh7 74.Qd7+ Kh8 75.Qe8+ Kh7 76.Qe4+ Kh8 77.Qd4+ Kh7 78.e4 Qh1+
79.Ke2 Qg2+ 80.Kd3 Qf1+ 81.Kc2 Qe2+ 82.Qd2 Qxf3 83.Qxb4 Qe2+ 84.Qd2 Qxe4+
85.Qd3 Qxd3+ 86.Kxd3 Bf6 87.Ke4 Bd8 88.b4  1/2-1/2

[Event "ch-FRA Accession"]
[Site "Caen FRA"]
[Date "2011.08.18"]
[Round "3.9"]
[White "Soyer,J"]
[Black "Saada,J"]
[Result "0-1"]
[WhiteElo "2054"]
[BlackElo "2310"]

1.Nf3 d5 2.c4 e6 3.g3 Nf6 4.Bg2 Be7 5.O-O O-O 6.b3 d4 7.e3 c5 8.exd4 cxd4
9.d3 Nc6 10.a3 a5 11.Re1 Nd7 12.Nbd2 Qc7 13.Ne4 h6 14.g4 f5 15.gxf5 exf5
16.Ng3 Nc5 17.Ng5 Nxb3 18.Bd5+ Kh8 19.Qxb3 hxg5 20.Rb1 Bf6 21.Qb5 g6 22.Bd2 Ne5
23.Qb3 f4 24.Nf1 Qd7 25.Rxe5 Bxe5 26.f3 g4 27.Re1 Qd6 28.Qd1 Kg7 29.Qe2 Bf6
30.fxg4 Bd7 31.Bxb7 Rae8 32.Qf3 Rxe1 33.Bxe1 Qe6 34.Bxa5 Qxg4+ 35.Qxg4 Bxg4
36.c5 Bc8 37.Be4 Be7 38.Bb6 Bf5 39.Nd2 Bg4 40.c6 Bxa3 41.Bxd4+ Kh6 42.Nc4 Be7
43.Ne5 Be6 44.Nxg6 Rg8 45.Kf2 Rxg6 46.Bxg6 Kxg6  0-1

[Event "Botvinnik 100th Open"]
[Site "St Petersburg RUS"]
[Date "2011.08.18"]
[Round "7"]
[White "Orlov,O2"]
[Black "Predke,A"]
[Result "0-1"]
[WhiteElo "2290"]
[BlackElo "2450"]

1.Nf3 d5 2.c4 e6 3.g3 Nf6 4.b3 Be7 5.Bb2 O-O 6.Bg2 b6 7.O-O Bb7 8.cxd5 Nxd5
9.d4 Nd7 10.Nbd2 c5 11.Rc1 Rc8 12.a3 b5 13.Re1 N5f6 14.e4 Qb6 15.d5 exd5
16.e5 Ne4 17.Nxe4 dxe4 18.Nh4 Bxh4 19.Qxd7 Bg5 20.Rcd1 Rcd8 21.Qg4 Qg6 22.Bc3 h5
23.Qe2 Rd3 24.Qb2 Rfd8 25.Rxd3 Rxd3 26.Bf1 e3 27.Bxd3 Qc6 28.Bh7+ Kxh7 29.Kf1 Qg2+
30.Ke2 Bf3+ 31.Kd3 Be4+ 32.Ke2 Qf3+ 33.Kf1 e2+ 34.Rxe2 Qh1+  0-1

[Event "Botvinnik 100th Open"]
[Site "St Petersburg RUS"]
[Date "2011.08.18"]
[Round "7"]
[White "Usmanov,V"]
[Black "Senkevich,K"]
[Result "1-0"]
[WhiteElo "2260"]
[BlackElo "2020"]

1.Nf3 d5 2.c4 c6 3.d4 Nf6 4.e3 Ne4 5.Nbd2 Nxd2 6.Nxd2 g6 7.b3 Bg7 8.Bb2 O-O
9.Bd3 dxc4 10.Nxc4 Nd7 11.O-O Re8 12.Qe2 e5 13.dxe5 Nxe5 14.Rad1 Qc7 15.Nxe5 Bxe5
16.Bxe5 Qxe5 17.e4 Be6 18.f4 Qa5 19.Qc2 Rad8 20.f5 Bc8 21.Bc4 Qe5 22.fxg6  1-0

[Event "26th Universiade Men"]
[Site "Shenzhen CHN"]
[Date "2011.08.19"]
[Round "8"]
[White "Grigoryan,Av"]
[Black "Ni Hua"]
[Result "1/2-1/2"]
[WhiteElo "2608"]
[BlackElo "2662"]

1.Nf3 d5 2.c4 c6 3.e3 Nf6 4.Nc3 a6 5.d4 b5 6.b3 Bg4 7.Be2 Nbd7 8.h3 Bh5 9.O-O e6
10.Bb2 Bd6 11.c5 Bxf3 12.Bxf3 Bc7 13.b4 O-O 14.a4 e5 15.axb5 axb5 16.Rxa8 Qxa8
17.e4 exd4 18.Qxd4 Be5 19.Qd2 dxe4 20.Nxe4 Qa2 21.Nc3 Qc4 22.Bxc6 Qxb4 23.Bxd7 Nxd7
24.Qxd7 Bxc3 25.Bxc3 Qxc3 26.Qxb5 Rc8 27.Rd1 g6 28.Rd5 Qc1+ 29.Qf1 Rxc5 30.Qxc1  1/2-1/2

[Event "10th Lichtenberger Sommer"]
[Site "Berlin GER"]
[Date "2011.08.20"]
[Round "8.65"]
[White "Barwich,Andreas"]
[Black "Bandsom,O"]
[Result "1/2-1/2"]
[WhiteElo "1963"]
[BlackElo "1778"]

1.Nf3 d5 2.c4 e6 3.d4 Nf6 4.Nc3 Be7 5.e3 O-O 6.Bd3 dxc4 7.Bxc4 Nbd7 8.O-O Nb6
9.Bd3 Nfd5 10.a3 c6 11.Qc2 h6 12.Bd2 Nxc3 13.Bxc3 Nd5 14.Rfd1 Bd6 15.b4 Nxc3
16.Qxc3 Qe7 17.Bf1 Bd7 18.Nd2 e5  1/2-1/2

[Event "ch-FRA Accession"]
[Site "Caen FRA"]
[Date "2011.08.20"]
[Round "5.1"]
[White "Song,Ju"]
[Black "Mullon,J"]
[Result "1/2-1/2"]
[WhiteElo "2336"]
[BlackElo "2400"]

1.Nf3 d5 2.c4 c6 3.e3 Nf6 4.Nc3 g6 5.d4 Bg7 6.Be2 O-O 7.O-O dxc4 8.Bxc4 Nbd7
9.Bb3 Nb6 10.Qe2 a5 11.a4 Bg4 12.h3 Bxf3 13.Qxf3 Qd6 14.Qe2 e5 15.dxe5 Qxe5
16.Bd2 Ne4 17.Nxe4 Qxe4 18.Rab1 Rfd8 19.Rfd1 Rd7 20.Be1 Bf6 21.Qc2 Qxc2 22.Bxc2 Rxd1
23.Rxd1 Be7 24.Bc3 Kf8 25.Bb3 Ke8 26.g4 Bb4 27.Bd4 Nd7 28.e4 Nc5 29.Bxc5  1/2-1/2

[Event "XLV Mislata Open A"]
[Site "Mislata ESP"]
[Date "2011.08.20"]
[Round "8"]
[White "Montalban Galvez,A"]
[Black "Jordan Arenas,M"]
[Result "1-0"]
[WhiteElo "2158"]
[BlackElo "2153"]

1.Nf3 d5 2.c4 d4 3.e3 Nc6 4.exd4 Nxd4 5.Nxd4 Qxd4 6.Nc3 Bg4 7.Qa4+ c6 8.d3 e6
9.Be3 Qd7 10.d4 Nf6 11.Qc2 Be7 12.Bd3 O-O 13.O-O Rfd8 14.h3 Bh5 15.Ne2 c5
16.g4 cxd4 17.Nxd4 Bg6 18.Bxg6 hxg6 19.Rfd1 Qc8 20.Rac1 b6 21.g5 Ne8 22.Qe4 Nd6
23.Qf3 Qb7 24.Qxb7 Nxb7 25.Nc6 Rxd1+ 26.Rxd1 Bc5 27.b4 Bd6 28.Rc1 Kf8 29.c5 bxc5
30.bxc5 Bc7 31.Nxa7 Ke8 32.Nb5 Rc8 33.Kg2 Na5 34.c6 e5 35.Bd2 Ke7 36.Nxc7  1-0

[Event "61st ch-RUS w"]
[Site "Moscow RUS"]
[Date "2011.08.20"]
[Round "2"]
[White "Gunina,V"]
[Black "Pogonina,N"]
[Result "1/2-1/2"]
[WhiteElo "2487"]
[BlackElo "2442"]

1.Nf3 d5 2.c4 e6 3.g3 Nf6 4.Bg2 Be7 5.O-O O-O 6.d4 c6 7.Qc2 Nbd7 8.Nbd2 b6
9.e4 Bb7 10.e5 Ne8 11.cxd5 cxd5 12.Re1 Rc8 13.Qa4 Bc6 14.Qd1 Bb5 15.Nf1 Nb8
16.h4 Nc6 17.a3 Na5 18.Bg5 h6 19.Bd2 Bc4 20.Re3 Bxf1 21.Bxf1 Nc4 22.Rb3 a5
23.a4 Nxd2 24.Qxd2 Bb4 25.Qe3 f5 26.exf6 Rxf6 27.Ne5 Qe7 28.Ng4 Rf8 29.Bh3 Nd6
30.Ne5 Rf6 31.Nd3 Rc2 32.Nf4 Ne4 33.Rf1 Qd6 34.Rd3 Qc6 35.f3 Nxg3 36.Bxe6+ Rxe6
37.Qxe6+ Qxe6 38.Nxe6 Ne2+ 39.Kh1 Ng3+ 40.Kg1 Ne2+ 41.Kh1 Ng3+ 42.Kg1 Nxf1
43.Kxf1 Rxb2 44.Nf4 b5 45.axb5 a4 46.Nxd5 Bd6 47.Nc3 a3 48.Rd1 Rc2 49.Ne2 Kf7
50.Rb1 Ke6 51.b6 Kd5 52.b7 Rb2 53.Nc3+ Kc4 54.Rxb2 axb2 55.Nb1 Kd3 56.Na3 Kxd4
57.Ke2 Bf4 58.h5 Kc3 59.Kd1 Kd3 60.Nb1 Bc7 61.Nd2 Be5 62.Nb1 Ke3 63.Nd2 Kd3  1/2-1/2

[Event "12th Kolobrzeg Open"]
[Site "Kolobrzeg POL"]
[Date "2011.08.23"]
[Round "8.1"]
[White "Sergeev,Vl"]
[Black "Kupiak,S"]
[Result "1-0"]
[WhiteElo "2522"]
[BlackElo "1629"]

1.Nf3 d5 2.c4 e6 3.d4 h6 4.Nc3 Nf6 5.Bf4 c6 6.e3 Bd6 7.Bxd6 Qxd6 8.Bd3 b6
9.O-O O-O 10.Qe2 Nbd7 11.Rfd1 a6 12.Rac1 b5 13.c5 Qe7 14.e4 dxe4 15.Nxe4 Nxe4
16.Bxe4 Nf6 17.Ne5 Nxe4 18.Qxe4 Bd7 19.Rc3 f5 20.Qe2 Kh7 21.f4 Rf6 22.h3 g6
23.Re3 Re8 24.b4 Bc8 25.a4 Bb7 26.axb5 axb5 27.Ra1 Rd8 28.Qb2 g5 29.fxg5 hxg5
30.Rg3 Rg8 31.Qd2 f4 32.Rg4 Rf5 33.h4 Qd8 34.Nf3 e5 35.Ra7 Qb8 36.Qd3 Rf8
37.Rxg5 Qxa7 38.Rxf5 Kg7 39.Rg5+ Kf6 40.Qg6+ Ke7 41.Rxe5+  1-0

[Event "Malaysian Open"]
[Site "Kuala Lumpur MAS"]
[Date "2011.08.23"]
[Round "7.36"]
[White "Yong,Han Shawn"]
[Black "Lee Kah Meng Elgin"]
[Result "1/2-1/2"]
[WhiteElo "1824"]
[BlackElo "1985"]

1.Nf3 d5 2.c4 c6 3.d4 Nf6 4.Nc3 dxc4 5.a4 Bf5 6.Ne5 Nbd7 7.Nxc4 Nb6 8.Ne5 a5
9.f3 Nfd7 10.Nxd7 Nxd7 11.e4 Bg6 12.Bc4 e6 13.O-O Bb4 14.Be3 O-O 15.Qb3 Qe7
16.Na2 Bd6 17.e5 Bb4 18.Nxb4 Qxb4 19.Qxb4 axb4 20.Rf2 b5 21.Bb3 Nb6 22.a5 Nc4
23.Bxc4 bxc4 24.Bd2 Rfb8 25.Bg5 Kf8 26.Kf1 Rb5 27.Rc1 Rbxa5 28.Bd2 Bd3+ 29.Ke1 Rb5
30.Be3 Ra2 31.Rd2 Rba5 32.Kd1 Ra1 33.Rf2 R5a2 34.h3 Rxc1+ 35.Bxc1 c3 36.Ke1 Ra1
37.Kd1 Ra2 38.Ke1 Ra1 39.Kd1 c2+ 40.Kd2 Bg6 41.f4 b3 42.Rf3 c5 43.Rxb3 cxd4
44.g4 d3 45.Ra3 Rb1 46.Ra4 Ke8 47.Ra3 Kd7 48.h4 h5 49.gxh5 Bf5 50.Ra7+ Ke8
51.Ra8+ Kd7 52.Ra7+ Ke8 53.Ra8+ Ke7 54.Ra7+ Kf8 55.Ra8+ Ke7 56.Ra7+ Ke8  1/2-1/2

[Event "BDO Challengers"]
[Site "Haarlem NED"]
[Date "2011.08.26"]
[Round "7.2"]
[White "De Wit,T"]
[Black "Gijswijt,B"]
[Result "1/2-1/2"]
[WhiteElo "2293"]
[BlackElo "2341"]

1.Nf3 d5 2.c4 c6 3.g3 Nf6 4.Bg2 Bg4 5.Ne5 Be6 6.cxd5 Bxd5 7.Nf3 g6 8.Nc3 Bg7
9.d3 O-O 10.O-O Na6 11.e4 Be6 12.d4 Qc8 13.Ng5 Rd8 14.h3 Bc4 15.Re1 e5 16.d5 h6
17.b3 cxd5 18.exd5 hxg5 19.bxc4 Qxc4 20.Bd2 Nb4 21.Rxe5 Nfxd5 22.Nxd5 Nxd5
23.Bxd5 Rxd5 24.Rxd5 Qxd5 25.Be3 Qe6 26.Rb1 b6 27.Qa4 Qxh3 28.Rxb6 Rd8 29.Rb1 Qf5
30.Rd1 Rxd1+ 31.Qxd1 Qa5 32.Qb3 a6 33.a4 Bf6 34.Qc4 Kg7 35.Kg2 Be5 36.Qc6 Bf6
37.Qc4 Be5 38.Qc6 Bf6 39.Kh2 Be5 40.Kg2  1/2-1/2

[Event "3rd Senica Open"]
[Site "Senica SVK"]
[Date "2011.08.26"]
[Round "7.28"]
[White "Jarabek,Milan"]
[Black "Petras,Ma1"]
[Result "0-1"]
[WhiteElo "1532"]
[BlackElo "1832"]

1.Nf3 d5 2.c4 c6 3.e3 Nf6 4.Nc3 Bg4 5.cxd5 cxd5 6.Be2 Nc6 7.d4 e6 8.O-O Bd6
9.Bd2 a6 10.Rc1 Bb8 11.Qb3 Qc7 12.g3 h5 13.h4 Ne4 14.Be1 f6 15.Nd2 Nxc3 16.Bxg4 hxg4
17.Qxc3 Rxh4 18.Nb3 Rh6 19.Na5 g5 20.Nxc6 Qh7  0-1

[Event "TCh-SUI 2011"]
[Site "Switzerland SUI"]
[Date "2011.08.27"]
[Round "6.4"]
[White "Zueger,B"]
[Black "Landenbergue,C"]
[Result "1/2-1/2"]
[WhiteElo "2417"]
[BlackElo "2398"]

1.Nf3 d5 2.c4 d4 3.b4 c5 4.g3 f6 5.bxc5 e5 6.d3 Bxc5 7.Nbd2 Ne7 8.Ba3 Na6
9.Bxc5 Nxc5 10.Bg2 Bd7 11.O-O O-O 12.Nb3 Qc7 13.Nxc5 Qxc5 14.Nd2 Rab8 15.Ne4 Qc7
16.Qb3 Be6 17.Qa3 b6 18.Nd6 Nc8 19.Nb5 Qd7 20.f4 Rd8 21.fxe5 fxe5 22.Rab1 h6
23.Rf2 a5 24.Be4 Na7 25.Nxa7 Qxa7 26.Bg6 Qc7 27.Rb5 Qd6 28.Qxd6 Rxd6 29.Be4 Rc8
30.Rxe5 Rc5 31.Rxc5 bxc5 32.Bf5 Bf7 33.Kg2 g6 34.Be4 Kg7 35.e3 dxe3 36.Re2 Rb6
37.Kf3 Kf6 38.Kxe3 a4 39.Rf2+ Ke7 40.Kf4 a3 41.Ke3 Rb2 42.Bf3 Kd6 43.Bd1 Rxf2
44.Kxf2 g5 45.Ke3 Ke5 46.Ba4 Be6 47.Be8 Bf5 48.Bc6 Be6 49.Be8 Bf5 50.Bc6 Be6
51.Be8  1/2-1/2

[Event "TCh-SRB Premier Women"]
[Site "Valjevo SRB"]
[Date "2011.08.27"]
[Round "1.6"]
[White "Vujic Katanic,B"]
[Black "Paramentic,M"]
[Result "1-0"]
[WhiteElo "2108"]
[BlackElo "1965"]

1.Nf3 d5 2.c4 e6 3.g3 Nf6 4.Bg2 Be7 5.O-O O-O 6.d4 c5 7.cxd5 Nxd5 8.dxc5 Bxc5
9.a3 a6 10.Qc2 Nd7 11.e4 Ne7 12.Rd1 Qc7 13.Nc3 Ng6 14.Na4 Bb6 15.Qxc7 Bxc7
16.Be3 b5 17.Rac1 Bd8 18.Nc5 Nxc5 19.Bxc5 Re8 20.Nd4 Bb7 21.Bd6 Bb6 22.Bc7 Bxd4
23.Rxd4 Rac8 24.Rdd1 h6 25.Bd6 Red8 26.e5 Bxg2 27.Kxg2 f6 28.Rxc8 Rxc8 29.exf6 gxf6
30.Bb4 Ne5 31.Bc3 Kf7 32.Rd6 Ra8 33.Bxe5 fxe5 34.Kf3 Kf6 35.Ke3 Ra7 36.Rb6 Kf5
37.h3 e4 38.Rc6 Ke5 39.b4 Kd5 40.Rc5+ Kd6 41.Kxe4 Rf7 42.f4 Rg7 43.g4 Rg8
44.a4 bxa4 45.Ra5 Rc8 46.Rxa6+ Ke7 47.Rxa4 Rc3 48.h4 Rh3 49.Ra7+ Kd6 50.Ra6+ Kd7
51.h5 Rg3 52.Ra7+ Kd6 53.Ra6+ Kd7 54.Ke5 Re3+ 55.Kf6 Re4 56.f5 exf5 57.Kxf5 Rxb4
58.Rxh6 Ke7 59.Re6+ Kf7 60.Re4 Rb5+ 61.Re5 Rb1 62.h6 Rh1 63.Kg5 Rh2 64.Ra5 Rg2
65.Ra7+ Kg8 66.Kh5 Rb2 67.g5 Rb5 68.Rc7 Ra5 69.Re7 Rd5 70.Kg6 Rd6+ 71.Kf5 Rd5+
72.Kf6 Rd6+ 73.Re6 Rd8 74.g6 Rf8+ 75.Kg5 Rb8 76.h7+ Kg7 77.Re7+ Kh8 78.Kh6  1-0

[Event "TCh-SRB Premier Men"]
[Site "Valjevo SRB"]
[Date "2011.08.27"]
[Round "1.2"]
[White "Pavlovic,G1"]
[Black "Miljkovic,Mir1"]
[Result "1/2-1/2"]
[WhiteElo "2406"]
[BlackElo "2495"]

1.Nf3 d5 2.c4 c6 3.d4 Nf6 4.Qb3 e6 5.g3 Nbd7 6.Bg2 Bd6 7.O-O O-O 8.Nc3 b6
9.cxd5 exd5 10.e4 Nxe4 11.Nxe4 dxe4 12.Ng5 Nf6 13.Nxe4 Be6 14.Qc2 Bd5 15.Bg5  1/2-1/2

[Event "10th Sunny Beach Open"]
[Site "Sunny Beach BUL"]
[Date "2011.08.28"]
[Round "2.52"]
[White "Genchev,Evgeni"]
[Black "Tichy,S"]
[Result "0-1"]
[WhiteElo "1856"]
[BlackElo "2093"]

1.Nf3 d5 2.c4 c6 3.b3 Bf5 4.g3 e6 5.Bb2 h6 6.Bg2 Nf6 7.O-O Bd6 8.Re1 O-O
9.d3 Bb4 10.Nbd2 dxc4 11.bxc4 Nbd7 12.Rb1 Qc7 13.Bxf6 Bxd2 14.Bxg7 Bxe1 15.Bxf8 Bxf2+
16.Kxf2 Rxf8 17.Qd2 Kh7 18.Qb4 Qb6+ 19.Qxb6 axb6 20.a4 Ra8 21.Nd4 Ra5 22.Nxf5 Rxf5+
23.Ke1 Ra5 24.Rb4 Kg7 25.d4 Ra7 26.Kd2 Kf6 27.Ke3 Ke7 28.Kf4 Kd6 29.e4 f6
30.Kg4 c5 31.Rb5 cxd4 32.Rh5 d3 33.Kf3 Rxa4 34.Ke3 d2 35.Bf3 Ra3+ 36.Kxd2 Rxf3
37.Rxh6 Ke5 38.Ke2 Rc3 39.Rh7 Nc5 40.h4 Rxg3 41.h5 Kxe4 42.h6 Rh3 43.Rh8 f5
44.h7 f4 45.Kf2 f3 46.Rb8 Rxh7  0-1

[Event "TCh-SUI 2011"]
[Site "Switzerland SUI"]
[Date "2011.08.28"]
[Round "7.6"]
[White "Bauert,R"]
[Black "Rosenthal,Jon"]
[Result "1/2-1/2"]
[WhiteElo "2263"]
[BlackElo "2335"]

1.Nf3 d5 2.c4 c6 3.cxd5 cxd5 4.d4 Nc6 5.Nc3 Nf6 6.Bf4 a6 7.Rc1 Bf5 8.e3 e6
9.Qb3 Bb4 10.a3 Be7 11.Ne5  1/2-1/2

[Event "FIDE World Cup 2011"]
[Site "Khanty-Mansiysk RUS"]
[Date "2011.08.29"]
[Round "1.2"]
[White "Ni Hua"]
[Black "Khairullin,I"]
[Result "1/2-1/2"]
[WhiteElo "2662"]
[BlackElo "2649"]

1.Nf3 d5 2.c4 d4 3.g3 Nc6 4.Bg2 e5 5.O-O Nf6 6.d3 Bd6 7.e3 O-O 8.exd4 Nxd4
9.Nxd4 exd4 10.Nd2 h6 11.Re1 Rb8 12.Ne4 Nxe4 13.Bxe4 c6 14.Bd2 f5 15.Bg2 f4
16.Re4 fxg3 17.hxg3 Qf6 18.Bf4 Bf5  1/2-1/2

[Event "Circuito CBX IM"]
[Site "Natal BRA"]
[Date "2011.08.29"]
[Round "6"]
[White "Barreto Filho,C"]
[Black "Molina,Jo"]
[Result "1-0"]
[WhiteElo "2314"]
[BlackElo "2187"]

1.Nf3 d5 2.c4 Nf6 3.cxd5 Nxd5 4.e4 Nb6 5.d4 g6 6.Nc3 Bg7 7.Be3 O-O 8.Be2 Bg4
9.Rc1 Bxf3 10.gxf3 c6 11.f4 N8d7 12.h4 e6 13.h5 Qe7 14.hxg6 hxg6 15.e5 Qb4
16.Qd3 Rfd8 17.Bd2 Qxb2 18.Qh3 Nf8 19.Rb1 Qa3 20.f5 exf5 21.Bh6 Nd5 22.Rb3  1-0

[Event "City of Dublin IM"]
[Site "Dublin IRL"]
[Date "2011.08.30"]
[Round "9"]
[White "Daly,C"]
[Black "Collins,S IRL"]
[Result "1/2-1/2"]
[WhiteElo "2305"]
[BlackElo "2436"]

1.Nf3 d5 2.c4 c6 3.b3 Bg4 4.e3 Nf6 5.Bb2 e6 6.Be2 Nbd7 7.O-O Bd6 8.cxd5 exd5
9.d3 O-O 10.Nbd2 Qe7 11.a3 a5 12.Re1 Rfe8 13.Qc2 Ne5 14.Nxe5 Bxe5 15.Bxe5 Qxe5
16.Bxg4 Nxg4 17.Nf3 Qe7 18.h3 Nh6 19.e4 dxe4 20.dxe4 f6 21.e5 fxe5 22.Rxe5 Qd6
23.Rh5 Qg6 24.Qxg6 hxg6 25.Rg5 Re6 26.Re5 Rxe5 27.Nxe5 Rd8 28.Nxg6 Rd3 29.Rb1 Nf5
30.Ne5 Rc3 31.a4 Nd4 32.b4 b6 33.h4 Rc2 34.bxa5 bxa5 35.Rb8+ Kh7 36.Ra8 Rc5
37.Nd3 Rc3 38.Ne5 Rc5 39.Nd3 Rc3 40.Ne5 Rc5  1/2-1/2

[Event "10th Sunny Beach Open"]
[Site "Sunny Beach BUL"]
[Date "2011.08.30"]
[Round "4.64"]
[White "Genchev,Evgeni"]
[Black "Lausman,P"]
[Result "1-0"]
[WhiteElo "1856"]
[BlackElo "2026"]

1.Nf3 d5 2.c4 Nf6 3.cxd5 Qxd5 4.Nc3 Qa5 5.g3 Bg4 6.Bg2 c6 7.O-O e6 8.d4 Nbd7
9.a3 Be7 10.Nd2 h5 11.h3 h4 12.hxg4 hxg3 13.e4 Qg5 14.Nc4 gxf2+ 15.Rxf2 Qh4
16.Bf4 Nxg4 17.Rf3 O-O-O 18.Qc2 e5 19.Bg3 Qg5 20.Nb5 Kb8 21.Nxa7 Kxa7 22.Qa4+ Kb8
23.Rb3 Nc5 24.dxc5 Bxc5+ 25.Kf1 Ne3+ 26.Rxe3 Bxe3 27.Bxe5+ Kc8 28.Qa8+ Kd7
29.Rd1+ Ke6 30.Rxd8 Rxd8 31.Bh3+ f5 32.Bxf5+ Kf7 33.Qxb7+ Kg8 34.Qxg7+ Qxg7
35.Bxg7 Kxg7 36.Nxe3 Rd2 37.Nc4 Rc2 38.b3 Rc3 39.Bd7 c5 40.e5 Rxb3 41.Ke2 Rc3
42.Bb5 Kf7 43.Kd2 Rg3 44.a4 Ke6 45.Bc6 Rg4 46.Kd3 Rg3+ 47.Kd2 Rg4 48.Bd5+ Ke7
49.Ke3 Rd4 50.Nb6 Rb4 51.a5 Rb5 52.a6 Ra5 53.a7  1-0

[Event "TCh-SRB Premier Women"]
[Site "Valjevo SRB"]
[Date "2011.08.30"]
[Round "4.3"]
[White "Jovanovic,Vi"]
[Black "Benderac,A"]
[Result "0-1"]
[WhiteElo "2136"]
[BlackElo "2311"]

1.Nf3 d5 2.c4 c6 3.e3 e6 4.Nc3 Bd6 5.Be2 Nf6 6.O-O O-O 7.d4 Nbd7 8.cxd5 exd5
9.Qc2 Re8 10.a4 Ne4 11.Nxe4 dxe4 12.Nd2 Qh4 13.g3 Qe7 14.f3 exf3 15.Nxf3 Nf6
16.Bc4 Bh3 17.Rf2 Ng4 18.Re2 Qf6 19.Nd2 Rxe3 20.Rxe3 Qf2+  0-1

[Event "FIDE World Cup 2011"]
[Site "Khanty-Mansiysk RUS"]
[Date "2011.08.31"]
[Round "2.1"]
[White "Ni Hua"]
[Black "Ponomariov,R"]
[Result "1/2-1/2"]
[WhiteElo "2662"]
[BlackElo "2764"]

1.Nf3 d5 2.c4 d4 3.g3 Nc6 4.Bg2 e5 5.O-O Nf6 6.d3 Bd6 7.e3 O-O 8.exd4 Nxd4
9.Nxd4 exd4 10.Nd2 Rb8 11.Re1 Bg4 12.Nf3  1/2-1/2

[Event "10th Sunny Beach Open"]
[Site "Sunny Beach BUL"]
[Date "2011.09.01"]
[Round "6.55"]
[White "Genchev,Evgeni"]
[Black "Artamonov,Al"]
[Result "1/2-1/2"]
[WhiteElo "1856"]
[BlackElo "2048"]

1.Nf3 d5 2.c4 e6 3.g3 Nf6 4.Bg2 Be7 5.O-O O-O 6.cxd5 exd5 7.d4 h6 8.Nc3 c6
9.Ne5 Nbd7 10.Nd3 b6 11.e4 dxe4 12.Nxe4 Bb7 13.Ne5 Nxe4 14.Bxe4 Nxe5 15.dxe5 Qxd1
16.Rxd1 Rad8 17.Be3 Rxd1+ 18.Rxd1 Rd8 19.Rc1 Rc8 20.a3 Rc7 21.b4 Kf8 22.f4 Ke8
23.f5 Bg5 24.Bf4 Bxf4 25.gxf4  1/2-1/2

[Event "TCh-POL Ekstraliga"]
[Site "Miedzybrodzie-Zywiec POL"]
[Date "2011.09.02"]
[Round "4.3"]
[White "Kadziolka,B"]
[Black "Rajlich,I"]
[Result "1-0"]
[WhiteElo "2272"]
[BlackElo "2446"]

1.Nf3 d5 2.c4 c6 3.e3 Nf6 4.d4 e6 5.Nbd2 Bb4 6.Bd3 dxc4 7.Bxc4 Nbd7 8.O-O b5
9.Bd3 a6 10.a4 Bb7 11.Qe2 Nd5 12.Ne4 Be7 13.Bd2 O-O 14.Rfc1 Qb8 15.Nc5 Nxc5
16.dxc5 e5 17.e4 Nf6 18.Bc3 Nd7 19.b4 Bf6 20.Bc2 Rd8 21.a5 Nf8 22.Bb3 Bc8
23.Qb2 Ng6 24.h3 Rd3 25.Ne1 Rd7 26.Rd1 Nf4 27.Nf3 Ng6 28.Kh2 Raa7 29.Qe2 h5
30.Rxd7 Rxd7 31.Rd1 Qc7 32.Rxd7 Qxd7 33.Qd2 Qxd2 34.Bxd2 Kf8 35.Bc3 Ke7 36.g3 Be6
37.Bxe6 Kxe6 38.h4 Be7 39.Kg2 f5 40.exf5+ Kxf5 41.Nd2 Bf6 42.Kf3 Nh8 43.Ne4 Nf7
44.Bd2 Be7 45.Bc1 Ke6 46.Ke2 Kf5 47.Kf3 g6 48.Bd2 Ke6 49.Ke2 Bf8 50.Bc1 Bh6
51.Bxh6 Nxh6 52.Kd3 Nf5 53.Ng5+ Kd5 54.Ne4 Ne7 55.Nc3+ Ke6 56.Ke4 Ng8 57.Ke3 Nf6
58.f3 Kf5 59.Kd3 Ke6 60.Ke3 Ke7 61.Kd3 Kd7 62.Ke3 Ke6 63.Kd3 Nd5 64.Nxd5 Kxd5
65.g4 Ke6 66.gxh5 gxh5 67.Ke4 Kf6 68.f4 exf4 69.Kxf4 Ke6 70.Ke4 Kf6 71.Kf4 Ke6
72.Kg5 Kd5 73.Kxh5 Kc4 74.Kg6 Kxb4 75.h5 Ka3 76.h6 b4 77.h7 b3 78.h8=Q b2
79.Qc3+ Ka2 80.Qc2 Ka1 81.Qa4+ Kb1 82.Qxc6  1-0

[Event "TCh-ESP CECLUB Div 1 GpB"]
[Site "Sabadell ESP"]
[Date "2011.09.02"]
[Round "5"]
[White "Comas Fabrego,L"]
[Black "Alvarez Pedraza,A"]
[Result "1-0"]
[WhiteElo "2508"]
[BlackElo "2551"]

1.Nf3 d5 2.c4 c6 3.d4 Nf6 4.Nc3 dxc4 5.a4 Bf5 6.e3 e6 7.Bxc4 Bb4 8.O-O Nbd7
9.Qe2 O-O 10.e4 Bg6 11.Bd3 c5 12.e5 cxd4 13.exf6 dxc3 14.fxg7 Kxg7 15.Rd1 Qc7
16.Bxg6 hxg6 17.Qb5 Bd6 18.Qd3 c2 19.Rd2 Ne5 20.Qxd6 Qxd6 21.Rxd6 Rfd8 22.Nxe5 Rxd6
23.Kf1 Rd1+ 24.Ke2 g5 25.b3 Rc8 26.Nd3 Kg6 27.Ne1 f5 28.Nxc2 Rcd8 29.Be3 R1d3
30.Rb1 f4 31.Ne1 R3d5 32.Bxa7 e5 33.f3 Rd2+ 34.Kf1 Rc8 35.h3 Kf5 36.b4 Rcd8
37.Rc1 R8d7 38.Rc2 Rxc2 39.Nxc2 Rd1+ 40.Ke2 Rc1 41.Kd3 Ke6 42.Kc3 Kd5 43.b5 Ke6
44.a5 Kd7 45.a6 Kc7 46.Bc5 bxa6 47.bxa6 Kc6 48.Kd2 Rb1 49.Be7 Rf1 50.Ke2 Rc1
51.Nb4+ Kd7 52.Bxg5 Ra1 53.Kd3 Kd6 54.Kc4 Ra5 55.Be7+ Kd7 56.Bc5 Kc7 57.h4 Ra1
58.Kd5 Rh1 59.Kxe5 Rxh4 60.Nd3 Rh6 61.a7 Kb7 62.Nxf4 Rh8 63.Ne6 Rc8 64.g4 Kc6
65.f4 Kd7 66.f5 Ke8 67.a8=Q Rxa8 68.f6  1-0